Responses for Show #1199 - Thursday, November 16, 1989

1989 Tournament of Champions final game 1.

Contestants

[<< previous game]

Rich Lerner, a lawyer from Pago Pago, American Samoa

Brian Wangsgard, a senior marketing representative originally from Ogden, Utah

Tom Cubbage, a law student and winner of last year's College Tournament from Bartlesville, Oklahoma

[next game >>]

Jeopardy! Round responses

HOLLYWOOD HISTORY
WORLD GEOGRAPHY
1981
WEATHER
THE WARS OF THE ROSES
"NOTHING" DOING
    $100 26
"The Jazz Singer"

Brian
    $100 2
Moscow

Rich
    $100 12
U.N. Secretary-General

Rich
    $100 21
Blizzard

Rich
    $100 1
(T: What is white?)

Red

TomRich
    $100 8
"Nothing up my sleeve"

Rich
    $200 27
Bette Davis

Brian
    $200 3
Casablanca

Tom
    $200 13
Iran

Brian
    $200 22
Seed It

Brian
    $200 4
Tower of London

Tom
    $200 17
Sweet Nothings

Rich
    $300 28
(Alex: Starring Robert De Niro.)

The Last Tycoon

Triple Stumper
    $300 9
(T: What is Europe?)

North America

TomRich
    $300 14
Hosni Mubarak

Rich
    $300 23
Mississippi River

Brian
    $300 5
"The Kingmaker"

Tom
    $300 18
"Signifying Nothing"

Tom
    $400 29
Will Hays

Triple Stumper
    $400 10
Indian Ocean

Rich
    $400 15
John DeLorean

Rich
    $400 24
"Take Warning"

Rich
    $250 6
Richard III

Tom
    $400 19
"Nothing left to lose"

Rich
    $500 30
(A: Easy after I give it to you, isn't it, Brian?)

Walter Lantz

Triple Stumper
    $500 11
Congo

Rich
    $500 16
(Rich: What are 22 cents and 20 cents?)
(Brian: What are 22 cents and 25 cents?)

15 cents, 18 cents & 20 cents

BrianRich
Triple Stumper
    $500 25
(R: What is a jet trail?)

Contrail

BrianRich
    $500 7
Tudor

Brian
    $500 20
Know-Nothing Party

Brian

Scores at the first commercial break (after clue 14):

Tom Brian Rich
$550 $700 $1,900

Scores at the end of the Jeopardy! Round:

Tom Brian Rich
$850 $2,000 $2,400

Double Jeopardy! Round responses

SCIENTISTS
THE CONSTITUTION
HISTORIC NAMES
FRENCH LITERATURE
WISCONSINITES
FLOWERS & TREES
    $200 15
Wernher von Braun

Rich
    $200 14
George Washington

Brian
    $200 11
Muhammad Ali

Tom
    $200 1
"Les Miserables"

Brian
    $200 2
Alfred Lunt

Brian
    $200 26
Carnation

Rich
    $400 22
Ivan Pavlov

Triple Stumper
    $400 16
Articles of Confederation

Tom
    $400 12
Caligula

Triple Stumper
    $400 7
Belle Lettres

Tom
    $400 3
Joseph McCarthy

Rich
    $400 27
Pine

Rich
    $600 23
(T: Who is Watts?)

James Watt

TomBrian
    $600 19
Navy

Tom
    $600 13
(B: Who is Brewster?)

William Bradford

BrianRich
    $1,000 8
Guy deMaupassant

Tom
    $600 4
George Peck

Triple Stumper
    $600 28
Saffron

Triple Stumper
    $800 24
(T: What is a microscope?)

Telescope

TomRich
    $800 20
3/4

Tom
    $800 17
King John

Brian
    $800 9
Jean Racine

Triple Stumper
    $800 5
(T: What is NOW?)

League of Women Voters

TomBrian
    $300 29
[The end-of-round signal sounds.]

mahogany

Rich
    $1000 25
(a minute to go in the round)

Alessandro Volta

Tom
    $1000 21
Connecticut ("The Constitution State")

Triple Stumper
    $1000 18
Andrew Jackson

Tom
    $1000 10
"The Human Comedy"

Tom
    $1000 6
Robert LaFollette

Tom

Scores at the end of the Double Jeopardy! Round:

Tom Brian Rich
$6,050 $4,200 $5,300

Final Jeopardy! Round responses

UNREAL ESTATE
BrianWhere is Cibola?
$1,200
RichWhat is Orinoco?
$1,200
TomWhat is El Dorado?
$2,050
El Dorado

Final scores:

Tom Brian Rich
$8,100 $3,000 $4,100

Game dynamics:

Coryat scores:

Tom Brian Rich
$5,800 $4,200 $5,800
15 R
(including 2 DDs),
5 W
14 R,
2 W
20 R
(including 1 DD),
2 W

Combined Coryat: $15,800

[game] [game scores] [suggest correction]

Game tape date: 1989-10-17
The J! Archive is created by fans, for fans. Scraping, republication, monetization, and malicious use prohibited; this site may use cookies and collect identifying information. See terms. The Jeopardy! game show and all elements thereof, including but not limited to copyright and trademark thereto, are the property of Jeopardy Productions, Inc. and are protected under law. This website is not affiliated with, sponsored by, or operated by Jeopardy Productions, Inc. Join the discussion at JBoard.tv.